000 00742nam a2200229Ia 4500
008 100315s9999 xx 000 0 und d
040 _cENGLISH 
082 _b7488 
_a320.954 
100 _a"Sethi, J.D. "
245 _aINDIA IN CRISIS
260 _aDELHI 
_bVikas  
_c1975 
300 _a"IX, 233  "
365 _eRupees 
_d
_b0.00 
366 _f
505 _gJaya Nikhade 
530 _bDonated by RBI Library  
620 _a"Is the Crisis Political or Economy, That was not the Revolution that was, Elections - The Tyranny of Foregone Conclusions, Bladk money, Black Market, Black Politics, congress "
630 _aINDIA IN CRISIS
650 _aPOLITICS 
730 _aINDIA IN CRISIS
942 _cBOOK
999 _c482223
_d482220